000 00617nam a2200241Ia 4500
003 OSt
005 20221007064804.0
006 a|||||r|||| 00| 0
007 ta
008 221006b |||||||| |||| 00| 0 eng d
024 _a15,979
037 _cTextual
040 _aFLL
_cFLL
_beng
041 _2eng
_aeng
082 _aX7:Z2g, J5
100 _aDube S.D. Au.
_9686281
245 0 _aFinancial hand book
250 _a1st
260 _aDelhi
_bMetropolitan book comp. India
_c1973
300 _axix,191p
_ccm.
942 _hX7:Z2g, J5
_cTEXL
_2CC
999 _c1135350
_d1135350